ბათუმის შოთა რუსთაველის სახელმწიფო უნივერსიტეტის ბიბლიოთეკა

Программирование на языке пролог для для искуственного интеллекта (ბიბ.ჩანაწერი № 47982)

000 -LEADER
fixed length control field 00778nam a2200217Ia 4500
001 - CONTROL NUMBER
control field 14860
003 - CONTROL NUMBER IDENTIFIER
control field GE_BSU
008 - FIXED-LENGTH DATA ELEMENTS--GENERAL INFORMATION
fixed length control field 181216s||||||||xx |||||||||||||| ||und||
020 ## - INTERNATIONAL STANDARD BOOK NUMBER
International Standard Book Number 503001425Х
040 ## - CATALOGING SOURCE
Transcribing agency GE_BSU
080 ## - UNIVERSAL DECIMAL CLASSIFICATION NUMBER
Universal Decimal Classification number 519.85
100 ## - MAIN ENTRY--PERSONAL NAME
Personal name Братко,И.
245 ## - TITLE STATEMENT
Title Программирование на языке пролог для для искуственного интеллекта
245 ## - TITLE STATEMENT
Statement of responsibility, etc. Пер. с англ. А.И.Лупенко и А.М.Степанова. Ред. А.М.Степанова
260 ## - PUBLICATION, DISTRIBUTION, ETC.
Place of publication, distribution, etc. Москва
260 ## - PUBLICATION, DISTRIBUTION, ETC.
Name of publisher, distributor, etc. Мир
260 ## - PUBLICATION, DISTRIBUTION, ETC.
Date of publication, distribution, etc. 1990
300 ## - PHYSICAL DESCRIPTION
Extent 560стр.20см.
653 ## - INDEX TERM--UNCONTROLLED
Uncontrolled term Программирование на языке пролог для для искуственного интеллекта
942 ## - ADDED ENTRY ELEMENTS (KOHA)
Koha item type წიგნი
ეგზემპლარები
Withdrawn status Lost status Damaged status Not for loan Date acquired Barcode Date last seen Price effective from Koha item type
        2018-12-17 17916 2018-12-17 2018-12-17 წიგნი
        2018-12-17 17552 2018-12-17 2018-12-17 წიგნი